000 00588nam a2200181 i 4500
001 31779
003 ES-MaACL
005 20230906154436.0
007 t|
008 030130s1959 sp ||||1| spa d
100 1 _aBaumgartner, J. G.
_926599
245 1 0 _aConservas alimenticias... /
_cJ.G. Baumgartner y A.C. Hersom ; versión... por Bernabé Sanz Pérez.
260 _aZaragoza :
_bAcribia,
_c1959 (
_fTall. Lib. General)
300 _a301 p. :
_bil. ;
_c21 cm.
700 1 _aHersom, A. C.
_963395
700 1 _aSanz Pérez, Bernabé.
_9103675
852 _aES-MaACL
_jC-16264
_bR.44622
999 _c31779
_d31779